| 000 | 01467naa a22003737a 4500 | ||
|---|---|---|---|
| 001 | BR8500919 | ||
| 003 | BR-BrBNA | ||
| 005 | 20240918175520.0 | ||
| 007 | ta | ||
| 008 | 230509b bl.||||| |||| 00| 0 por d | ||
| 040 |
_aBR-BrBNA _bpor _cBiblioteca Nacional de Agricultura |
||
| 041 | _a(Pt) | ||
| 072 |
_aF50 _b1126 |
||
| 090 | _aF50 BR8500919 | ||
| 100 | 1 | _aAndrade, V.M. de M. | |
| 100 | 1 | _aRuggiero, C. | |
| 100 | 1 | _aCosta, M.M. de C.N.P. | |
| 100 | 1 | _aMartinez Junior, M. | |
| 111 | 1 |
_a7. Congresso Brasileiro de Fruticultura _cFlorianopolis, SC (Brazil) _d26-30 Sep 1983 |
|
| 245 | 1 | _aAspectos anatomicos da folha do abacaxizeiro (Ananas comosus (L.)Merril), cultivar Smooth Cayenne [estrutura vegetal] | |
| 246 | 1 | _aAnatomic characteristics of the leaves of the pineapple (Ananas comosus (L.)Merril), cultivar Smooth Cayenne [plant structure] | |
| 246 | 1 | _a[Proceedings of the 7. Brazilian Congress on Fruit Crops] | |
| 260 | 3 |
_aFlorianopolis, SC (Brasil): _c1984. |
|
| 500 | _aAnais do 7. Congresso Brasileiro de Fruticultura Florianopolis, SC (Brasil): 1984. v. 1 p. 64-80 (BR8500919-AM)F50 | ||
| 650 | _aABACAXI | ||
| 650 | _aVARIEDADE | ||
| 650 | _aFOLHA | ||
| 650 | _aESTOMATO | ||
| 650 | _aDENSIDADE | ||
| 650 | _aANATOMIA VEGETAL | ||
| 773 | 0 |
_tAnais do 7. Congresso Brasileiro de Fruticultura _wF50 BR8500919 _gFlorianopolis, SC (Brasil), 1984. v. 1 p. 64-80 |
|
| 909 |
_a202404 _bLucia _c55 _dLucia Elande |
||
| 942 |
_cAM _2AGRIS |
||
| 999 |
_c317086 _d317086 |
||